
Library Catalogue

| 000 -LEADER | |
|---|---|
| fixed length control field | 01129cam a2200253 a 4500 |
| 005 - DATE AND TIME OF LATEST TRANSACTION | |
| control field | 20260428131114.0 |
| 008 - FIXED-LENGTH DATA ELEMENTS--GENERAL INFORMATION | |
| fixed length control field | 120817s2013 caua b 001 0 eng |
| 020 ## - INTERNATIONAL STANDARD BOOK NUMBER | |
| International Standard Book Number | 9788132110019 (pbk.) |
| 082 00 - DEWEY DECIMAL CLASSIFICATION NUMBER | |
| Classification number | 306.766095 SIN |
| 100 ## - MAIN ENTRY--PERSONAL NAME | |
| Personal name | Singh Suneeta |
| 245 02 - TITLE STATEMENT | |
| Title | A people stronger : |
| Remainder of title | the collectivization of MSM and TG groups in India / |
| Statement of responsibility, etc. | Suneeta Singh, et al. |
| 260 ## - PUBLICATION, DISTRIBUTION, ETC. | |
| Place of publication, distribution, etc. | Los Angeles : |
| Name of publisher, distributor, etc. | SAGE, |
| Date of publication, distribution, etc. | 2013. |
| 300 ## - PHYSICAL DESCRIPTION | |
| Extent | xxv, 158 p. : |
| Dimensions | 22 cm. |
| 505 0# - Contents | |
| Contents | Contents :<br/>A document of and for the communities -- Gender, sexual identity and societal organization -- Behaviour, orientation and identity -- The historical underpinnings of homosexual identity -- The context of parallel events -- Coming together: MSM networks -- From traditional to modern: transgender communities -- A vulnerability to HIV -- Needs and responses. |
| 650 #0 - SUBJECT ADDED ENTRY--TOPICAL TERM | |
| Topical term or geographic name entry element | Homosexuality |
| Geographic subdivision | India. |
| 650 #0 - SUBJECT ADDED ENTRY--TOPICAL TERM | |
| Topical term or geographic name entry element | Gender nonconformity |
| Geographic subdivision | India. |
| 650 #0 - SUBJECT ADDED ENTRY--TOPICAL TERM | |
| Topical term or geographic name entry element | Gay men |
| Geographic subdivision | India. |
| 650 #0 - SUBJECT ADDED ENTRY--TOPICAL TERM | |
| Topical term or geographic name entry element | Transgender people |
| Geographic subdivision | India. |
| 700 1# - ADDED ENTRY--PERSONAL NAME | |
| Personal name | Singh, Suneeta. |
| 700 1# - ADDED ENTRY--PERSONAL NAME | |
| Personal name | Dasgupta, Sangita. |
| 700 1# - ADDED ENTRY--PERSONAL NAME | |
| Personal name | Patankar, Pallav |
| 700 1# - ADDED ENTRY--PERSONAL NAME | |
| Personal name | Sinha, Minati |
| 942 ## - ADDED ENTRY ELEMENTS (KOHA) | |
| Source of classification or shelving scheme | Dewey Decimal Classification |
| Koha item type | BOOKs |
| Withdrawn status | Lost status | Source of classification or shelving scheme | Materials specified (bound volume or other part) | Damaged status | Not for loan | Home library | Current library | Shelving location | Date acquired | Source of acquisition | Cost, normal purchase price | Total Checkouts | Total Renewals | Full call number | Barcode | Date last seen | Date last checked out | Price effective from | Koha item type |
|---|---|---|---|---|---|---|---|---|---|---|---|---|---|---|---|---|---|---|---|
| Dewey Decimal Classification | PB | NLS | NLS | 19/08/2018 | Purchased | 395.00 | 2 | 1 | 306.766095 SIN | 36656 | 14/06/2024 | 03/12/2022 | 19/08/2019 | BOOKs |